| 000 | 00401nam a2200157Ia 4500 | ||
|---|---|---|---|
| 008 | 230312s9999||||xx |||||||||||||| ||und|| | ||
| 020 | _a0-13-851487-9 | ||
| 082 |
_a004.678 _bCAR |
||
| 100 | _aCarroll Jim | ||
| 245 | 0 | _aInternet 1997 | |
| 260 |
_bPrentice Hall _aNew Jersey _c1997 |
||
| 300 | _a319 | ||
| 546 | _aEng. | ||
| 650 |
_aComputer _vWhat is Internet ? What can I do Internet ? |
||
| 942 | _cBK | ||
| 999 |
_c3546 _d3546 |
||